|
|
|
|
| LEADER |
01875nam a2200445 i 4500 |
| 001 |
EBC3014708 |
| 003 |
MiAaPQ |
| 005 |
20200520144314.0 |
| 006 |
m o d | |
| 007 |
cr cnu|||||||| |
| 008 |
150916t20022002dcu ob 000 0 eng d |
| 020 |
|
|
|z 9781589061163
|
| 020 |
|
|
|a 9781455230532
|q (electronic bk.)
|
| 035 |
|
|
|a (MiAaPQ)EBC3014708
|
| 035 |
|
|
|a (Au-PeEL)EBL3014708
|
| 035 |
|
|
|a (CaPaEBR)ebr10557095
|
| 035 |
|
|
|a (CaONFJC)MIL384993
|
| 035 |
|
|
|a (OCoLC)793203303
|
| 040 |
|
|
|a MiAaPQ
|b eng
|e rda
|e pn
|c MiAaPQ
|d MiAaPQ
|
| 050 |
|
4 |
|a JF1081
|b .G69 2002
|
| 082 |
0 |
|
|a 330
|2 22
|
| 245 |
0 |
0 |
|a Governance, corruption & economic performance /
|c George T. Abed, Sanjeev Gupta, editors.
|
| 264 |
|
1 |
|a Washington, District of Columbia :
|b International Monetary Fund,
|c 2002.
|
| 264 |
|
4 |
|c 2002
|
| 300 |
|
|
|a 1 online resource (577 pages)
|
| 336 |
|
|
|a text
|2 rdacontent
|
| 337 |
|
|
|a computer
|2 rdamedia
|
| 338 |
|
|
|a online resource
|2 rdacarrier
|
| 504 |
|
|
|a Includes bibliographical references at the end of each chapters.
|
| 588 |
|
|
|a Description based on print version record.
|
| 590 |
|
|
|a Electronic reproduction. Ann Arbor, MI : ProQuest, 2015. Available via World Wide Web. Access may be limited to ProQuest affiliated libraries.
|
| 610 |
2 |
0 |
|a International Monetary Fund.
|
| 650 |
|
0 |
|a Political corruption
|x Economic aspects.
|
| 650 |
|
0 |
|a Political corruption
|x Economic aspects
|z Developing countries.
|
| 655 |
|
4 |
|a Electronic books.
|
| 700 |
1 |
|
|a Abed, George T.,
|e editor.
|
| 700 |
1 |
|
|a Gupta, Sanjeev,
|e editor.
|
| 776 |
0 |
8 |
|i Print version:
|t Governance, corruption & economic performance.
|d Washington, District of Columbia : International Monetary Fund, c2002
|h xii, 564 pages
|z 9781589061163
|w 2002727187
|
| 797 |
2 |
|
|a ProQuest (Firm)
|
| 856 |
4 |
0 |
|u https://ebookcentral.proquest.com/lib/matrademy/detail.action?docID=3014708
|z Click to View
|